000 00587nam a22001697a 4500
003 OSt
005 20171010095516.0
008 120814t xxu||||| |||| 00| 0 eng d
040 _aMMSU
_cULS
100 _aAlipio, Christine D.
_912160
245 _aInternal capability of cooperating elementary schools for student teaching
_cChristine D. Alipio
260 _c2001
300 _axiv, 124 leaves
_c28 cm.
500 _aThesis (Ed.D.-Educational Management) -- Mariano Marcos State University-Graduate School, Laoag City
504 _aBibliography: leaves 95-99
942 _2ddc
_cTHEDIS
999 _c9733
_d9733